000 00731nam a2200265Ia 4500
003 OSt
005 20220926011825.0
006 a|||||r|||| 00| 0
007 ta
008 220923b |||||||| |||| 00| 0 eng d
020 _a0814453422
037 _cGeneral Book
040 _aRTL
_cRTL
_beng
041 _2eng
_aeng
082 _aX:514, L4
100 _aGerstner Merrill H
_9314994
245 0 _aSales meetings that sell
260 _aNew York
_bAMACOM
_c1974
300 _ax,159p
_ccm.
500 _aAppendix: p 149-154
650 _aSalesmanship
_9229886
700 _a Deegan Thomas J
_9314995
942 _hX:514, L4
_cGB
_2CC
999 _c621051
_d621051